000
00276nam a2200109Ia 4500
005
20251222143258.0
008
251222s9999||||xx |||||||||||||| ||spa||
082
_a
302.185/A18
245
0
_a
La Costa y su gente:
264
_b
Acción Solidaria para el Desarrollo
942
_c
LIB
999
_c
15222
_d
15222